Responses for show #1202 - Tuesday, November 21, 1989

Lisa Guay game 1.

Contestants

[<< previous game]

Gary Williams, an administrative manager from New York City, New York

Lisa Guay, a homemaker from Champlain, New York

Jim Dompkowski, a financial analyst from Portland, Maine (whose 1-day cash winnings total $10,400)

[next game >>]

Jeopardy! Round responses

FAMOUS FIRSTS
SICKNESS & HEALTH
MOVIES
PROVERBS
POTPOURRI
HANS CHRISTIAN ANDERSON
    $100 1
the Kentucky Derby

Jim
    $100 23
the heart

Jim
    $100 5
heat

Jim
    $100 18
look

Lisa
    $100 8
the Wright brothers

Gary
    $100 12
Central Park

Gary
    $200 2
Popeye

Jim
    $200 27
Lamaze

Jim
    $200 7
the Joker

Jim
    $200 19
a goat

Lisa
    $200 15
Latin

Lisa
    $400 13
"The Emperor's New Clothes" (or "The King's New Clothes")

Gary
    $300 3
Singer

Jim
    $300 28
[End-of-round signal sounds]

cholesterol

Gary
    $300 9
his dog

Lisa
    $300 20
heaviest

Lisa
    $300 24
(Alex: Less than a minute to go in the round.)

bra (brassiere)

Gary
    $300 14
Jenny Lind

Jim
    $400 4
Nixon

Gary
    $400 10
(Jim: Who is Peter Sellers?)

David Niven

Jim
Triple Stumper
    $400 21
(Jim: What is burned?)

bitten

JimLisa
    $400 25
a puff of smoke (smoke ring)

Gary
    $400 16
tin

Lisa
    $500 6
Clement Moore

Gary
    $500 11
Robert De Niro

Gary
    $500 22
Shoemaker (or cobbler)

Lisa
    $500 26
Dogpatch

Lisa
    $500 17
her red shoes

Triple Stumper

Scores at the first commercial break (after clue 13):

Jim Lisa Gary
$500 $300 $2,000

Scores at the end of the Jeopardy! Round:

Jim Lisa Gary
$700 $2,900 $3,000

Double Jeopardy! Round responses

1930s BEST SELLERS
EUROPE
WORD PLAY
FASHION HISTORY
BUSINESS & INDUSRTY
FAMOUS LASTS
    $200 5
The Grapes of Wrath

Jim
    $200 3
(Lisa: What is Sweden?)

Norway

JimLisa
    $200 15
Creek

Lisa
    $200 21
Wellington

Lisa
    $200 1
Chrysler

Jim
    $200 26
the dodo

Lisa
    $400 12
Live

Triple Stumper
    $400 8
(Gary: What is the Netherlands?)

Belgium

LisaGary
    $400 16
Cher

Lisa
    $400 22
bugles

Lisa
    $400 2
Blue Cross Blue Shield

Lisa
    $400 27
Grace Kelly

Jim
    $600 13
(Jim: I have no idea.)

Goodbye, Mr. Chips & Lost Horizon

Jim
    $600 9
Denmark

Jim
    $600 17
R.A.L.P..H.

Jim
    $600 23
a fibula

Lisa
    $600 4
(Jim: What is New Jersey?)

Nevada

JimLisa
    $800 14
(Jim: Who is Amundsen?)

Byrd

JimLisa
    $800 10
Milan

Jim
    $800 19
Iowa

Jim
    $800 24
Greek

Lisa
    $800 6
(Lisa: What is Sicily?)

Capri

Lisa
Triple Stumper
    $1000 18
(Fannie) Hurst

Lisa
    $1000 11
Bulgaria

Triple Stumper
    $1000 20
zabaione

Lisa
    $1000 25
(Alex: We have one minute remaining in this round.)

a carriage

Lisa
    $1000 7
(Lisa: [No response])

Wanamaker

Lisa
Triple Stumper
    $2,500 28
(Jim: Who was Catherine of Aragon?)

[End-of-round signal sounds.]

Catherine Parr

Jim

Scores at the end of the Double Jeopardy! Round:

Jim Lisa Gary
$0 $8,900 $2,600
(lock game)

[wagering suggestions for these scores]

Final Jeopardy! Round responses

THE SOLAR SYSTEM
GaryWhat is Mars?
$2,000
LisaWhat is Neptune?
$1,100
Neptune

Final scores:

Jim Lisa Gary
$0 $10,000 $600
3rd place: a Konica 35mm camera+Jeopardy! box game or Jeopardy! challenger New champion: $10,000 2nd place: a trip for two to Washington, D.C.+Jeopardy! box game or Jeopardy! challenger

Game dynamics:

Coryat scores:

Jim Lisa Gary
$3,100 $8,900 $2,400
16 R,
6 W
(including 2 DDs)
23 R,
3 W
9 R
(including 1 DD),
1 W

Combined Coryat: $14,400

The J! Archive is created by fans, for fans. The Jeopardy! game show and all elements thereof, including but not limited to copyright and trademark thereto, are the property of Jeopardy Productions, Inc. and are protected under law. This website is not affiliated with, sponsored by, or operated by Jeopardy Productions, Inc. Join the discussion at JBoard.tv.